00545nam a2200145Ia 4500003000900000008004100009020002600050040001600076100002500092245009400117260003200211300002000243490003300263856010300296IN-BaIIA211028s9999 xx s 000 0 eng d a9780819450999 (Print) cIIA Library aAtanasov, Petar, ed. 0a12th International School on Quantum Electronics: Laser Physics and Applicationsh[eBook] aWashington, USAbSPIEc2003 aOnline resource aProceedings of SPIE; V. 5226 uhttps://www.spiedigitallibrary.org/conference-proceedings-of-spie/5226yClick Here to Access eBook